<?xml version="1.0" encoding="UTF-8"?>
<record
    xmlns:xsi="http://www.w3.org/2001/XMLSchema-instance"
    xsi:schemaLocation="http://www.loc.gov/MARC21/slim http://www.loc.gov/standards/marcxml/schema/MARC21slim.xsd"
    xmlns="http://www.loc.gov/MARC21/slim">

  <leader>01794nam a22002417a 4500</leader>
  <controlfield tag="005">20260327093414.0</controlfield>
  <controlfield tag="008">260327b        |||||||| |||| 00| 0 eng d</controlfield>
  <datafield tag="020" ind1=" " ind2=" ">
    <subfield code="a">9789353165512</subfield>
  </datafield>
  <datafield tag="040" ind1=" " ind2=" ">
    <subfield code="c">AL</subfield>
  </datafield>
  <datafield tag="082" ind1=" " ind2=" ">
    <subfield code="a">515.35</subfield>
    <subfield code="b">CEND</subfield>
  </datafield>
  <datafield tag="100" ind1=" " ind2=" ">
    <subfield code="a">Yunus A Cengel</subfield>
    <subfield code="9">259472</subfield>
  </datafield>
  <datafield tag="245" ind1=" " ind2=" ">
    <subfield code="a">Differential equations for engineers and scientists</subfield>
  </datafield>
  <datafield tag="260" ind1=" " ind2=" ">
    <subfield code="a">Chennai</subfield>
    <subfield code="b">McGraw Hill Education India Pvt Ltd</subfield>
    <subfield code="c">2020</subfield>
  </datafield>
  <datafield tag="300" ind1=" " ind2=" ">
    <subfield code="a">xii,611p.</subfield>
    <subfield code="b">PB</subfield>
    <subfield code="c">25.5x20cm</subfield>
  </datafield>
  <datafield tag="365" ind1=" " ind2=" ">
    <subfield code="2">Information Science and Engineering</subfield>
    <subfield code="a">VBI-2645</subfield>
    <subfield code="b">&#x20B9;671.25</subfield>
    <subfield code="c">&#x20B9;</subfield>
    <subfield code="d">&#x20B9;895.00</subfield>
    <subfield code="e">25%</subfield>
    <subfield code="f">VBI-2645</subfield>
    <subfield code="g">20-02-2026</subfield>
  </datafield>
  <datafield tag="520" ind1=" " ind2=" ">
    <subfield code="a">Differential Equations for Engineers and Scientists is intended to be used in a first course on differential equations taken by science and engineering students. It covers the standard topics on differential equations with a wealth of applications drawn from engineering and science--with more engineering-specific examples than any other similar text. The text is the outcome of the lecture notes developed by the authors over the years in teaching differential equations to engineering students.
Like Yunus Cengel's other texts, the material is introduced at a level that a typical student can follow comfortably, and the authors have made the text speak to the students and not over them. Differential Equations for Engineers and Scientists is written in plain language to help students learn the material without being hampered by excessive rigor or jargon. The friendly tone and the logical order are designed to motivate the student to read the book with interest and enthusiasm.</subfield>
  </datafield>
  <datafield tag="650" ind1=" " ind2=" ">
    <subfield code="a">Engineering Mathematics</subfield>
    <subfield code="9">259468</subfield>
  </datafield>
  <datafield tag="650" ind1=" " ind2=" ">
    <subfield code="a">Variable Coefficents</subfield>
    <subfield code="9">259469</subfield>
  </datafield>
  <datafield tag="650" ind1=" " ind2=" ">
    <subfield code="a">Laplace Transforms</subfield>
    <subfield code="9">259470</subfield>
  </datafield>
  <datafield tag="650" ind1=" " ind2=" ">
    <subfield code="a">Indian Edition</subfield>
    <subfield code="9">259473</subfield>
  </datafield>
  <datafield tag="700" ind1=" " ind2=" ">
    <subfield code="a">Palm III, William J</subfield>
    <subfield code="9">259471</subfield>
  </datafield>
  <datafield tag="942" ind1=" " ind2=" ">
    <subfield code="2">ddc</subfield>
    <subfield code="c">BK</subfield>
  </datafield>
  <datafield tag="999" ind1=" " ind2=" ">
    <subfield code="c">241072</subfield>
    <subfield code="d">241072</subfield>
  </datafield>
  <datafield tag="952" ind1=" " ind2=" ">
    <subfield code="0">0</subfield>
    <subfield code="1">0</subfield>
    <subfield code="2">ddc</subfield>
    <subfield code="4">0</subfield>
    <subfield code="7">0</subfield>
    <subfield code="8">ISE</subfield>
    <subfield code="a">SE</subfield>
    <subfield code="b">SE</subfield>
    <subfield code="d">2026-03-21</subfield>
    <subfield code="g">671.25</subfield>
    <subfield code="l">0</subfield>
    <subfield code="o">515.35 CEND</subfield>
    <subfield code="p">SE000350</subfield>
    <subfield code="r">2026-03-27 09:27:29</subfield>
    <subfield code="v">895.00</subfield>
    <subfield code="w">2026-02-20</subfield>
    <subfield code="y">BK</subfield>
  </datafield>
</record>
